[Event "Challenge World Game #253"]
[Site "http://www.queenalice.com/game.php?id=778635"]
[Date "2010.5.22"]
[Round "-"]
[White "Aylton"]
[Black "otto"]
[Result "0-1"]
[WhiteElo "1916"]
[BlackElo "2367"]

1. d4 d5 2. Nf3 c5 3. e3 Nc6 4. c4 e6 5. Nc3 Nf6 6. a3 a6 7. dxc5 Bxc5 8. b4 Ba7
9. Bb2 O-O 10. Be2 dxc4 11. Bxc4 b5 12. Ba2 Bb7 0-1

[Event "Let's Play Chess!"]
[Site "http://www.queenalice.com/game.php?id=779562"]
[Date "2010.5.23"]
[Round "-"]
[White "igorjava"]
[Black "otto"]
[Result "0-1"]
[WhiteElo "1912"]
[BlackElo "2371"]

1. e4 e6 2. Nf3 d5 3. e5 c5 4. c3 Ne7 5. d4 Nec6 6. Bb5 Qa5 7. Bxc6+ Nxc6 8. O-O
cxd4 9. cxd4 Bd7 10. a3 Qb6 11. Nc3 Na5 12. b4 Nc4 13. Bg5 h6 14. Bh4 g5 15. Bg3
a5 16. bxa5 Qxa5 17. Qc1 Rc8 18. Re1 Nb6 19. Re3 Na4 20. Qd2 Rxc3 21. Rxc3 Qxc3
22. Qxc3 Nxc3 23. h4 Ne2+ 24. Kf1 Bb5 25. Ke1 g4 26. Nh2 h5 27. a4 Bb4+ 28. Kd1
Bd3 29. a5 Nxd4 30. f3 Be2+ 0-1

[Event "Let's Play Chess!"]
[Site "http://www.queenalice.com/game.php?id=782773"]
[Date "2010.5.29"]
[Round "-"]
[White "wiking"]
[Black "otto"]
[Result "0-1"]
[WhiteElo "2308"]
[BlackElo "2332"]

1. b4 d5 2. Bb2 Nf6 3. e3 e5 4. a3 Nbd7 5. c4 a5 6. b5 Bd6 7. cxd5 Nxd5 8. d4
O-O 9. Ne2 exd4 10. Nxd4 Ne5 11. Nd2 Re8 12. Nc4 Qh4 13. g3 Qe4 14. Rg1 Nxc4 15.
Bxc4 Nxe3 0-1

[Event "Let's Play Chess!"]
[Site "http://www.queenalice.com/game.php?id=782775"]
[Date "2010.5.29"]
[Round "-"]
[White "wiking"]
[Black "otto"]
[Result "0-1"]
[WhiteElo "2301"]
[BlackElo "2350"]

1. b4 e5 2. Bb2 Bxb4 3. f4 d6 4. a3 Bc5 5. fxe5 dxe5 6. Bxe5 Nf6 7. e3 O-O 8.
Nf3 Nbd7 9. Bc3 a6 10. Bd3 b5 11. Bb2 Bd6 12. Nc3 Bb7 13. O-O c5 14. Qe1 Ne5 15.
Qh4 Nxf3+ 16. gxf3 Re8 17. Bf5 Re5 18. e4 g6 19. Rf2 gxf5 20. Rg2+ Kf8 21. f4
Re6 22. exf5 Bxg2 23. fxe6 Bf3 24. Rf1 Bc6 25. Nxb5 Be7 26. Nc7 Qxc7 27. Bxf6
fxe6 28. Re1 Bxf6 29. Qxf6+ Qf7 30. Rxe6 Ba4 31. Qe5 Qg7+ 32. Kf2 Qxe5 33. Rxe5
Rd8 34. Ke3 c4 35. Re4 Bxc2 36. Rxc4 Bg6 37. Rd4 Rb8 38. Ra4 Rb3+ 39. Kd4 Bd3
40. Ra5 Bb5 41. Kc5 Rb2 42. a4 Bf1 43. d4 Rxh2 44. Kc6 h5 45. Rf5+ Ke7 46. Re5+
Kf6 47. d5 Be2 48. Re6+ Kf5 49. Rh6 Bf3 50. Kc5 Rd2 51. Kb6 Rxd5 0-1

[Event "Let's Play Chess!"]
[Site "http://www.queenalice.com/game.php?id=782781"]
[Date "2010.5.29"]
[Round "-"]
[White "dnptrs"]
[Black "otto"]
[Result "0-1"]
[WhiteElo "2155"]
[BlackElo "2343"]

1. d4 d5 2. Nf3 Nf6 3. g3 c6 4. b3 h6 5. Nc3 Bf5 6. Bg2 e6 7. Nh4 Bh7 8. O-O
Nbd7 9. a4 c5 10. Ba3 Rc8 11. Nb1 cxd4 12. Bxf8 Rxf8 13. Na3 Qb6 14. Rc1 e5 15.
Bh3 g5 16. Bxd7+ Kxd7 17. Ng2 Qc5 18. Nb1 Bxc2 19. Qe1 Ke7 20. h4 Rg8 21. hxg5
hxg5 22. e3 d3 0-1

[Event "Let's Play Chess!"]
[Site "http://www.queenalice.com/game.php?id=783051"]
[Date "2010.5.30"]
[Round "-"]
[White "Slazenger"]
[Black "otto"]
[Result "0-1"]
[WhiteElo "1624"]
[BlackElo "2331"]

1. d4 d5 2. Nc3 Bf5 3. Bf4 Nf6 4. f3 Nc6 5. e3 Nh5 6. g4 Nxf4 7. exf4 Bd7 8. f5
e6 9. fxe6 Qh4+ 10. Ke2 fxe6 11. Nb5 O-O-O 12. h3 a6 13. Nc3 Qf6 14. Ke3 h5 15.
Nge2 hxg4 16. f4 g5 17. a3 gxf4+ 18. Nxf4 Bh6 19. Qxg4 Qxd4+ 20. Kf3 Ne5+ 0-1

[Event "Kaspreta"]
[Site "http://www.queenalice.com/game.php?id=783996"]
[Date "2010.6.1"]
[Round "-"]
[White "kaspreta"]
[Black "otto"]
[Result "1/2-1/2"]
[WhiteElo "2001"]
[BlackElo "2373"]

1. e4 e6 2. d4 d5 3. Nd2 c5 4. Ngf3 a6 5. Bd3 Nf6 6. e5 Nfd7 7. c3 Nc6 8. Bc2
cxd4 9. cxd4 f6 10. O-O fxe5 11. Nxe5 Ncxe5 12. dxe5 Nxe5 13. Re1 Nf7 14. Ba4+
b5 15. Bc2 Bd6 16. a4 Bd7 17. axb5 axb5 18. Rxa8 Qxa8 19. Nf3 O-O 20. Nd4 e5 21.
Qh5 e4 22. Bb3 Be5 23. Be3 Re8 24. Rd1 g6 25. Qh4 Bg7 26. Ne2 Be6 27. Nd4 Bc8
28. Ne2 Bb7 29. Nc3 Bxc3 30. bxc3 Qa3 31. Rb1 Qd6 32. Bd4 Bc6 33. Rd1 Ra8 34.
Qg4 h5 35. Qh4 Ra3 36. Rb1 Nh6 37. Qg5 Kh7 38. Be5 Qe6 39. Bd4 Ra8 40. Qf4 Qe7
41. Bf6 Qd7 42. Bd4 Nf5 43. Bc5 Bb7 44. Rd1 Rc8 45. Bb4 d4 46. cxd4 Bd5 47. Bxd5
Qxd5 48. Re1 Rc4 49. Bc5 Qb7 50. h3 b4 51. Qxe4 Qxe4 52. Rxe4 b3 53. Re1 Nxd4
54. Bxd4 Rxd4 55. Rb1 Rb4 56. Kf1 b2 57. Ke2 Rb5 58. Kd3 h4 59. Kc2 Kg7 60. Rxb2
Rg5 61. Rb7+ Kh6 62. Rb4 Kh5 63. Rg4 Rxg4 64. hxg4+ Kxg4 65. Kd3 Kf4 66. Ke2 Ke4
67. Kf1 Kd3 68. Kg1 Ke2 69. f3 Ke3 70. Kf1 g5 71. Kg1 Kf4 72. Kf2 Kf5 73. g3 Kg6
74. gxh4 gxh4 75. Kg2 Kf5 76. Kh3 Kf4 77. Kxh4 Kxf3 78. Kh3 Kf2 79. Kh2 1/2-1/2

[Event "PorlaPaz"]
[Site "http://www.queenalice.com/game.php?id=784413"]
[Date "2010.6.2"]
[Round "-"]
[White "jrafaelcc"]
[Black "otto"]
[Result "0-1"]
[WhiteElo "2147"]
[BlackElo "2361"]

1. e4 e6 2. d4 d5 3. Nd2 Be7 4. Ngf3 Nf6 5. Bd3 c5 6. c3 Nc6 7. e5 Nd7 8. O-O g5
9. Kh1 h5 10. Ng1 cxd4 11. cxd4 Nxd4 12. f4 Nc6 13. Bb5 Qb6 14. Bxc6 bxc6 15.
Nb3 g4 16. Qe2 Ba6 17. Qf2 Bxf1 18. Qxf1 a5 0-1

[Event "Challenge"]
[Site "http://www.queenalice.com/game.php?id=785213"]
[Date "2010.6.3"]
[Round "-"]
[White "jrafaelcc"]
[Black "otto"]
[Result "0-1"]
[WhiteElo "2140"]
[BlackElo "2368"]

1. e4 e6 2. d4 d5 3. Nd2 Be7 4. Ngf3 Nf6 5. Bd3 c5 6. dxc5 Nc6 7. O-O Bxc5 8. h3
O-O 9. e5 Nd7 10. Nb3 Bb6 11. Bxh7+ Kxh7 12. Ng5+ Kg6 13. Qd3+ f5 14. Qg3 Qe7
15. Nxe6+ Kh7 16. Nxf8+ Nxf8 17. Re1 d4 18. Bg5 Qf7 19. a3 Be6 20. Nd2 Bd5 21.
Nf3 Ne6 22. Rad1 f4 23. Qh4+ Kg8 24. Qg4 Bxf3 25. gxf3 Bc7 26. c3 Nxe5 27. Rxe5
Bxe5 28. Re1 dxc3 29. Rxe5 c2 30. Re1 Nd4 31. Kg2 Ne2 0-1

[Event "Let's Play Chess!"]
[Site "http://www.queenalice.com/game.php?id=785414"]
[Date "2010.6.5"]
[Round "-"]
[White "WeirdGoblin"]
[Black "otto"]
[Result "1/2-1/2"]
[WhiteElo "2183"]
[BlackElo "2368"]

1. d4 d5 2. c4 e5 3. dxe5 d4 4. Nf3 Nc6 5. a3 Nge7 6. b4 Ng6 7. Bb2 a5 8. b5
Ncxe5 9. Qxd4 Qxd4 10. Bxd4 Nxc4 11. e3 Nd6 12. Be2 Bd7 13. a4 Nf5 14. Bc3 Bb4
15. O-O O-O 16. Bxb4 axb4 17. Nbd2 Nfe7 18. Rfb1 c5 19. bxc6 Nxc6 20. Bb5 Nge7
21. e4 Bg4 22. h3 Bh5 23. Rc1 Rfd8 24. Rab1 h6 25. Rc5 Bg6 26. Rb2 f6 27. Kh2
Kf8 28. Kg3 1/2-1/2

[Event "Let's Play Chess!"]
[Site "http://www.queenalice.com/game.php?id=785415"]
[Date "2010.6.12"]
[Round "-"]
[White "otto"]
[Black "WeirdGoblin"]
[Result "1-0"]
[WhiteElo "2365"]
[BlackElo "2198"]

1. d4 e6 2. Nf3 c5 3. g3 cxd4 4. Nxd4 Nc6 5. Bg2 e5 6. Nb5 d6 7. Bg5 f6 8. Be3
a6 9. N5c3 Be6 10. Nd5 Bxd5 11. Qxd5 Nge7 12. Qe6 Qd7 13. Qxd7+ Kxd7 14. Nc3 Kc7
15. O-O-O Rd8 16. Rd2 d5 17. Nxd5+ Nxd5 18. Rxd5 Bb4 19. Rhd1 Rxd5 20. Rxd5 Rd8
21. Rxd8 Nxd8 22. c3 Ba5 23. Bd2 Bb6 24. e3 Nc6 25. b4 Kd6 26. c4 Ke7 27. Kc2
Bc7 28. a4 Nd8 29. c5 g6 30. Bd5 Nc6 31. b5 axb5 32. axb5 Nd8 33. Kd3 Ne6 34.
Bb4 Nd8 35. b6 1-0

[Event "Challenge"]
[Site "http://www.queenalice.com/game.php?id=787360"]
[Date "2010.6.8"]
[Round "-"]
[White "otto"]
[Black "jrafaelcc"]
[Result "1-0"]
[WhiteElo "2363"]
[BlackElo "2135"]

1. d4 Nf6 2. c4 g6 3. f3 Bg7 4. e4 d6 5. Nc3 Nc6 6. Be3 O-O 7. Nge2 e5 8. d5 Ne7
9. Qd2 a6 10. O-O-O Rb8 11. Ng3 Bd7 12. h4 h5 13. Kb1 b5 14. a3 b4 15. axb4 Rxb4
16. c5 Ba4 17. Nxa4 Rxa4 18. Qc2 Rb4 19. Rd3 Nd7 20. c6 Nb6 21. Ra3 Qb8 22. Bd2
Rd4 23. Bxa6 f5 24. Ne2 Rxd2 25. Qxd2 fxe4 26. fxe4 Rf2 27. g4 hxg4 28. Qg5 Qf8
29. Qxg4 Qf6 30. Rhh3 Bh6 31. Rhf3 Rxf3 32. Rxf3 Qg7 33. Qe6+ 1-0

[Event "Challenge"]
[Site "http://www.queenalice.com/game.php?id=792638"]
[Date "2010.6.20"]
[Round "-"]
[White "jrafaelcc"]
[Black "otto"]
[Result "0-1"]
[WhiteElo "2188"]
[BlackElo "2371"]

1. e4 e6 2. d4 d5 3. Nd2 c5 4. Ngf3 cxd4 5. Nxd4 Nf6 6. e5 Nfd7 7. f4 Nxe5 8.
Bb5+ Bd7 9. Bxd7+ Nexd7 10. O-O Nc6 11. c3 Nxd4 12. cxd4 Bd6 13. Qg4 O-O 14. Nf3
Nf6 15. Qh3 Qb6 16. Kh1 Qb5 17. Bd2 Qxb2 18. Rfb1 Qc2 19. Rc1 Qd3 20. Rc3 Qa6
21. Qh4 Rfc8 22. Re3 Rc2 23. Rd1 Ne4 0-1

[Event "Let's Play Chess!"]
[Site "http://www.queenalice.com/game.php?id=794454"]
[Date "2010.6.24"]
[Round "-"]
[White "rubensar"]
[Black "otto"]
[Result "1/2-1/2"]
[WhiteElo "2149"]
[BlackElo "2378"]

1. e4 e6 2. Nf3 d5 3. exd5 exd5 4. Bb5+ c6 5. Bd3 Bd6 6. O-O Ne7 7. b3 O-O 8.
Ba3 Bxa3 9. Nxa3 Qd6 10. Nb1 Qf6 11. Nc3 Bg4 12. Re1 Ng6 13. Bxg6 fxg6 1/2-1/2

[Event "Let's Play Chess!"]
[Site "http://www.queenalice.com/game.php?id=794554"]
[Date "2010.6.24"]
[Round "-"]
[White "Andrei_78"]
[Black "otto"]
[Result "0-1"]
[WhiteElo "1720"]
[BlackElo "2372"]

1. e4 e6 2. d3 d5 3. exd5 exd5 4. Nf3 Nf6 5. Be2 Bd6 6. h3 O-O 7. Nd4 c5 8. Nb5
Qa5+ 9. N1c3 Be5 10. Bd2 d4 11. Na3 dxc3 12. Bxc3 Bxc3+ 13. bxc3 Qxc3+ 14. Kf1
Qxa3 15. f3 Re8 16. Kf2 Qc3 17. Re1 Nc6 18. Kg1 Nb4 19. a3 Nxc2 20. Rc1 Qd4+ 21.
Kh1 Nxe1 22. Qxe1 Qb2 23. Rd1 Rxe2 24. Qf1 Rf2 25. Qg1 Bxh3 26. gxh3 Qe2 27. d4
Qxf3+ 28. Qg2 Qxg2# 0-1

[Event "Challenge"]
[Site "http://www.queenalice.com/game.php?id=797495"]
[Date "2010.7.1"]
[Round "-"]
[White "jrafaelcc"]
[Black "otto"]
[Result "0-1"]
[WhiteElo "2181"]
[BlackElo "2383"]

1. e4 e6 2. d4 d5 3. Nd2 c5 4. Ngf3 cxd4 5. exd5 Qxd5 6. Bc4 Qd6 7. O-O Nf6 8.
Nb3 Nc6 9. Nbxd4 Nxd4 10. Nxd4 a6 11. Re1 Qc7 12. Bb3 Bd6 13. h3 O-O 14. Bg5
Bh2+ 15. Kh1 Be5 16. c3 h6 17. Nf3 Bxc3 18. bxc3 hxg5 19. Nxg5 Rd8 20. Qc2 Qf4
21. Rad1 Bd7 22. Ne4 Bc6 23. Ng3 b5 24. Kg1 Bd5 25. Qb2 Qc7 26. Rd4 Rac8 27. Rc1
Qc6 28. f3 Qc7 29. Ne2 e5 30. Rdd1 Qc5+ 31. Kh1 e4 32. Bxd5 Rxd5 33. Rxd5 Qxd5
34. fxe4 Nxe4 35. Rf1 Qc4 36. Rf3 Rd8 37. Qb3 Qxb3 38. axb3 Nd2 39. Rf4 Nxb3 40.
c4 b4 41. c5 a5 42. Rc4 Nd2 43. Rc1 a4 44. c6 b3 45. c7 Rc8 46. Rd1 b2 47. Nc3
a3 48. Rxd2 Rxc7 0-1

[Event "Challenge"]
[Site "http://www.queenalice.com/game.php?id=797533"]
[Date "2010.7.2"]
[Round "-"]
[White "butanito"]
[Black "otto"]
[Result "0-1"]
[WhiteElo "2298"]
[BlackElo "2373"]

1. e4 e6 2. d4 d5 3. Nc3 Bb4 4. exd5 exd5 5. Bd3 Nf6 6. Ne2 O-O 7. O-O Re8 8.
Ng3 Bg4 9. f3 Be6 10. Nce2 Bd6 11. c3 c5 12. dxc5 Bxc5+ 13. Kh1 Nc6 14. Bf4 Rc8
15. Qc2 Bd7 16. Rad1 Ne5 17. Bf5 g6 18. Bxd7 Nexd7 19. Nd4 Bxd4 20. Rxd4 Qa5 21.
a3 Qb6 0-1

[Event "Challenge"]
[Site "http://www.queenalice.com/game.php?id=797534"]
[Date "2010.7.2"]
[Round "-"]
[White "cesargarcia"]
[Black "otto"]
[Result "1/2-1/2"]
[WhiteElo "2314"]
[BlackElo "2398"]

1. d4 d5 2. c4 e5 3. dxe5 d4 4. Nf3 Nc6 5. g3 Nge7 6. Bg2 Ng6 7. O-O Ngxe5 8.
Nxe5 Nxe5 9. Na3 Be7 10. Nb5 O-O 11. Nxd4 Nxc4 12. Qd3 Ne5 13. Qe4 Bf6 14. Rd1
Re8 15. Qc2 Qe7 16. Bf4 c6 17. Rd2 a5 18. Rad1 a4 19. e4 g5 20. Bxe5 Qxe5 21. h3
h6 22. Qc4 Ra5 23. Qc3 Bg7 24. Qf3 Bf8 25. Qe2 Bb4 26. Rd3 Bf8 27. Qd2 Qc7 28.
h4 gxh4 29. gxh4 Bg7 30. Rg3 Kh8 31. Qc3 Rg8 32. Bf3 f5 33. Qc4 fxe4 34. Bxe4
Qd8 35. Kg2 Qxh4 36. Nf3 Qf4 37. Bd3 Rf5 38. Re1 Qxc4 39. Bxc4 Rd8 40. Nh4 Rg5
41. Rxg5 hxg5 42. Ng6+ Kh7 43. Ne7 Bf6 44. Nxc8 Rxc8 45. Rd1 Rc7 46. b3 axb3 47.
axb3 Kg7 48. Be6 Bb2 49. Rd7+ Rxd7 50. Bxd7 Kf6 51. Kg3 Bc1 52. Bc8 b6 53. Kg4
Ke5 54. Kf3 Bf4 1/2-1/2

[Event "Gentoo"]
[Site "http://www.queenalice.com/game.php?id=797751"]
[Date "2010.7.2"]
[Round "-"]
[White "rootgauss"]
[Black "otto"]
[Result "0-1"]
[WhiteElo "1874"]
[BlackElo "2397"]

1. e4 e6 2. d4 d5 3. Nc3 Bb4 4. Bd3 c5 5. dxc5 dxe4 6. Bxe4 Qxd1+ 7. Kxd1 Nf6 8.
Bf3 Bxc5 9. Be3 Nbd7 10. Nge2 Bd6 11. Nd4 a6 12. Nb3 Ne5 13. Bf4 Nfd7 14. Ke2
Bb4 15. Rad1 Nxf3 16. gxf3 Bxc3 17. bxc3 b6 18. Rhg1 Rg8 19. Nd2 Bb7 20. Ne4 Bc6
21. c4 Bxe4 22. fxe4 Rc8 23. Rd6 g5 24. Be3 Rxc4 25. Rgd1 Rxc2+ 26. Ke1 Rc7 27.
Bxb6 Rb7 28. Be3 a5 29. Ra6 Ke7 30. Rxa5 h6 31. a4 Rc8 32. Rb5 Rxb5 33. axb5 Rc2
34. Rb1 Rc4 35. b6 Kd8 36. h4 Rxe4 37. hxg5 hxg5 38. Kd1 Re5 39. b7 Kc7 40. Ba7
Nb8 41. Rc1+ Kxb7 42. Bxb8 Kxb8 43. Kd2 g4 44. Rc2 Kb7 45. Kd3 f5 46. Kd4 Rd5+
47. Ke3 e5 48. Rc4 Ra5 49. Rc3 f4+ 50. Ke4 Ra2 51. Kf5 Rxf2 52. Kxg4 e4 53. Rc4
e3 54. Rxf4 Rxf4+ 55. Kxf4 e2 0-1

[Event "Let's Play Chess!"]
[Site "http://www.queenalice.com/game.php?id=798359"]
[Date "2010.7.4"]
[Round "-"]
[White "otto"]
[Black "Rudolf"]
[Result "1/2-1/2"]
[WhiteElo "2395"]
[BlackElo "2361"]

1. d4 Nf6 2. c4 g6 3. Nc3 Bg7 4. e4 O-O 5. Nf3 d6 6. Be2 e5 7. Be3 Ng4 8. Bg5 f6
9. Bh4 c6 10. O-O Qc7 11. Qb3 Qb6 12. Rfd1 Qxb3 13. axb3 Nh6 14. d5 Nf7 15. b4
Rd8 16. Ne1 g5 17. Bg3 Bd7 18. h4 h6 19. Nc2 c5 20. bxc5 dxc5 21. Ne3 Nd6 22.
Ra3 a5 23. Rda1 b6 24. Rb3 Nc8 25. Na4 Bxa4 26. Rxa4 Na6 27. Bg4 Rb8 28. Be6+
Kf8 29. Bxc8 Rdxc8 30. Nf5 Nb4 31. Rc3 Rc7 32. h5 Ke8 33. Kh2 Bf8 34. Kh3 Rh7
35. Kg4 Kd7 36. Ne3 Be7 37. f3 Rhh8 38. Nf5 Bd6 39. Be1 Rh7 40. Raa3 Rhh8 41.
Rc1 Ra8 42. Bd2 Na6 43. Rb3 Nb4 44. g3 Rab8 45. Bc3 Be7 46. Bxb4 cxb4 47. Rd3
Bc5 48. Ra1 Rbc8 49. b3 Rce8 50. Rdd1 Rh7 51. Rf1 Rc8 52. Kh3 Ra8 53. Ra2 Rc8
54. Rg2 Ra8 1/2-1/2

[Event "Challenge"]
[Site "http://www.queenalice.com/game.php?id=803967"]
[Date "2010.7.15"]
[Round "-"]
[White "jrafaelcc"]
[Black "otto"]
[Result "0-1"]
[WhiteElo "2175"]
[BlackElo "2391"]

1. e4 e6 2. d4 d5 3. Nd2 Be7 4. Ngf3 Nf6 5. Bd3 c5 6. dxc5 dxe4 7. Nxe4 Nxe4 8.
Bxe4 Qxd1+ 9. Kxd1 Bxc5 10. Ke2 Nd7 11. Ng5 h6 12. Nh3 Nf6 13. Bd3 O-O 14. c3 e5
15. f3 Rd8 16. Bc4 e4 17. Nf4 g5 18. h4 gxf4 19. fxe4 Bg4+ 0-1

[Event "Let's Play Chess!"]
[Site "http://www.queenalice.com/game.php?id=804359"]
[Date "2010.7.16"]
[Round "-"]
[White "HTH"]
[Black "otto"]
[Result "0-1"]
[WhiteElo "2249"]
[BlackElo "2394"]

1. g4 d5 2. Bg2 c6 3. h3 e5 4. d3 Ne7 5. Nf3 Ng6 6. Nc3 Be6 7. e4 d4 8. Ne2 h5
9. g5 h4 10. Nxe5 Nxe5 11. f4 Bb4+ 12. Bd2 c5 0-1